| Tag |
First Indicator |
Second Indicator |
Subfields |
| LEADER |
00000cam a2200000 a 4500 |
| 001 |
in00002269921 |
| 005 |
20151105085206.0 |
| 008 |
061121s2006 enka 000 0 eng |
| 010 |
|
|
|a 2007386015
|
| 020 |
|
|
|a 0861404629
|
| 020 |
|
|
|a 9780861404629
|
| 035 |
|
|
|a (OCoLC)ocm74896297
|
| 035 |
|
|
|a (OCoLC)74896297
|
| 040 |
|
|
|a DLC
|c DLC
|d STF
|d BAKER
|d COO
|d BTCTA
|d UtOrBLW
|
| 043 |
|
|
|a e-ie---
|
| 049 |
|
|
|a TXAM
|
| 050 |
0 |
0 |
|a PR4417
|b .W55 2006
|
| 245 |
0 |
0 |
|a William Carleton, the authentic voice /
|c edited by Gordon Brand ; illustrated by Sam Craig.
|
| 264 |
|
1 |
|a Gerrards Cross, Buckinghamshire :
|b Colin Smythe,
|c [2006]
|
| 264 |
|
4 |
|c ©2006
|
| 300 |
|
|
|a xxix, 455 pages :
|b illustrations ;
|c 22 cm.
|
| 336 |
|
|
|a text
|b txt
|2 rdacontent
|
| 337 |
|
|
|a unmediated
|b n
|2 rdamedia
|
| 338 |
|
|
|a volume
|b nc
|2 rdacarrier
|
| 490 |
1 |
|
|a Irish literary studies,
|x 0140-895X ;
|v 53
|
| 600 |
1 |
0 |
|a Carleton, William,
|d 1794-1869
|x Criticism and interpretation.
|
| 651 |
|
0 |
|a Ireland
|x In literature.
|
| 700 |
1 |
|
|a Brand, Gordon.
|
| 830 |
|
0 |
|a Irish literary studies ;
|v 53.
|
| 938 |
|
|
|a Baker & Taylor
|b BKTY
|c 90.00
|d 90.00
|i 0861404629
|n 0006996329
|s active
|
| 938 |
|
|
|a Baker and Taylor
|b BTCP
|n 2007386015
|
| 945 |
|
|
|a PromptCat
|b 183126
|
| 946 |
|
|
|a stk
|
| 947 |
|
|
|a A14836189172
|
| 948 |
|
|
|a cataloged
|b h
|c 2007/7/25
|d c
|e dmartine
|f 7:35:45 pm
|
| 994 |
|
|
|a 92
|b TXA
|
| 999 |
|
|
|a MARS
|
| 999 |
f |
f |
|s 04d05570-6245-3e6d-8dc7-248d90113333
|i d759592e-6121-3f15-bf50-ef474f75f9c8
|t 0
|
| 952 |
f |
f |
|p normal
|a Texas A&M University
|b College Station
|c Sterling C. Evans Library
|d Evans: Library Stacks
|t 0
|e PR4417 .W55 2006
|h Library of Congress classification
|i unmediated -- volume
|m A14836189172
|
| 998 |
f |
f |
|a PR4417 .W55 2006
|t 0
|l Evans: Library Stacks
|